01287nam a2200253 i 450000100060000000300090000600500170001500700030003200800410003502000180007624503690009426000810046330000300054450000440057450001060061860000430072460000590076761000290082665000460085565500400090170000300094170000290097185200330100066898ES-MaACL20230906165901.0t|040419s2003 sp ||||1| spa d a84-87622-74-700aPecharromán y Gaudí [hexposición] b: espacios del color en la arquitectura : actos conmemorativos del 150 aniversario del nacimiento de Antonio Gaudí = Pecharromán to Gaudí : spaces of color in architecture : commemorative events of Antonio Gaudí's 150th birth anniversary / c[textos Carmelo Arribas Pérez ; traducción Javier Gallego Alvarez]. aMérida : bAsamblea de Extremadura, Departamento de Publicaciones,c[2003] a121 p. : bil. ; c31 cm. aTexto paralelo en español e inglés. aExposición celebrada en el Patio Noble de la Asamblea de Extremadura, Mérida, mayo-junio de 2003.14aPecharromán, Ricardo-vExposiciones.14aGaudí, Antoni-xInfluencia - Pecharromán, Ricardo.17aExtremadura. bAsamblea. 4aPintura española-yS.XX-vExposiciones. 72tgfbneaCatálogos de exposiciones1 aArribas Pérez, Carmelo.1 aGallego Alvarez, Javier. aES-MaACLjL-27373 bR.133647